[Event "GER HS-212 email"]
[Site "GER email"]
[Date "2016.10.04"]
[Round "?"]
[White "Geerken, Lutz"]
[Black "Ruppelt, Karl Heinz"]
[Result "1-0"]
[WhiteElo "2014"]
[BlackElo "1880"]
[PlyCount "111"]
[EventDate "2016.10.10"]
[EventType "tourn (corr)"]
[EventRounds "6"]
[EventCountry "GER"]
[SourceTitle "Corr 2020"]
[Source "ChessBase"]
[SourceDate "2019.09.30"]
[SourceVersion "1"]
[SourceVersionDate "2019.09.30"]
[SourceQuality "1"]

1. e4 e6 2. d4 d5 3. Nc3 Nf6 4. e5 Nfd7 5. f4 Be7 6. Nf3 c5 7. Be3 Nc6 8. Qd2 c4 9. f5 b5 10. fxe6 fxe6 11. Ne2 0-0 12. Nf4 Nb6 13. c3 g5 14. Nh5 g4 15. Ng5 Qe8 16. Ng3 Qg6 17. h4 h6 18. Be2 b4 19. Bd1 Qd3 20. Bc2 Qxd2+ 21. Bxd2 a5 22. Nh5 Rf5 23. a3 b3 24. Bxf5 exf5 25. Nf6+ Bxf6 26. exf6 f4 27. f7+ Kg7 28. Bxf4 hxg5 29. Bc7 Nd7 30. h5 Kxf7 31. 0-0+ Kg7 32. Rf5 Kh6 33. Rxd5 Ne7 34. Rd6+ Kxh5 35. Rf1 Ng6 36. g3 Ndf8 37. Rf7 Bb7 38. Bxa5 Rxa5 39. Rxb7 Rf5 40. a4 Ra5 41. Rg7 Kh6 42. Rf7 Ra8 43. a5 Rxa5 44. Rxf8 Kg7 45. Rc8 Ra1+ 46. Kf2 Ra7 47. Rxc4 Nh8 48. Rc5 Nf7 49. Rb6 Ra2 50. Rxb3 Ra6 51. Ke2 Re6+ 52. Kd3 Rf6 53. Rc7 Kg6 54. c4 Rf3+ 55. Kc2 Rf2+ 56. Kb1 1-0

[Event "GER HS-198 email"]
[Site "GER email"]
[Date "2016.01.30"]
[Round "?"]
[White "Geerken, Lutz"]
[Black "Wernitz, Helmut"]
[Result "1/2-1/2"]
[WhiteElo "2022"]
[BlackElo "1646"]
[PlyCount "100"]
[EventDate "2016.02.05"]
[EventType "tourn (corr)"]
[EventRounds "6"]
[EventCountry "GER"]
[SourceTitle "Corr 2020"]
[Source "ChessBase"]
[SourceDate "2019.09.30"]
[SourceVersion "1"]
[SourceVersionDate "2019.09.30"]
[SourceQuality "1"]

1. c4 Nf6 2. g3 e5 3. Bg2 d5 4. cxd5 Nxd5 5. Nc3 Nb6 6. Nf3 Nc6 7. 0-0 Be7 8. a3 0-0 9. b4 Be6 10. Rb1 f6 11. d3 a5 12. b5 Nd4 13. Nd2 Qc8 14. e3 Nf5 15. Bb2 Rd8 16. Qc2 a4 17. Rfc1 Nd6 18. Nde4 Nf7 19. Nd1 Bd5 20. f4 Qe6 21. Ndf2 Nd7 22. Bh3 f5 23. Qxc7 Qg6 24. Nd2 exf4 25. e4 fxe4 26. Ndxe4 fxg3 27. Qxg3 Nde5 28. Rc7 Re8 29. Bg2 Qxg3 30. hxg3 Rad8 31. Re1 Bd6 32. Rcc1 Bf8 33. Rc7 h6 34. Re3 Re6 35. Bh3 Ree8 36. Bg2 Re6 37. Nd2 b6 38. Nde4 h5 39. Ra7 Bb3 40. Bf1 Re7 41. Rxe7 Bxe7 42. d4 Ng4 43. Nxg4 hxg4 44. Nf2 Bf6 45. Nxg4 Bxd4 46. Bxd4 Rxd4 47. Re8+ Kh7 48. Ne3 Kg6 49. Kf2 Kg5 50. Ke1 Kf6 1/2-1/2

[Event "GER HS-197 email"]
[Site "GER email"]
[Date "2016.01.11"]
[Round "?"]
[White "Lukas, Maritta"]
[Black "Geerken, Lutz"]
[Result "1/2-1/2"]
[WhiteElo "1930"]
[BlackElo "2024"]
[PlyCount "39"]
[EventDate "2016.01.16"]
[EventType "tourn (corr)"]
[EventRounds "6"]
[EventCountry "GER"]
[SourceTitle "Corr 2020"]
[Source "ChessBase"]
[SourceDate "2019.09.30"]
[SourceVersion "1"]
[SourceVersionDate "2019.09.30"]
[SourceQuality "1"]

1. e4 c5 2. Nf3 d6 3. d4 cxd4 4. Nxd4 Nf6 5. Nc3 a6 6. Be3 e5 7. Nb3 Be6 8. Qd2 Nbd7 9. 0-0-0 b5 10. f3 h5 11. Kb1 Be7 12. g3 0-0 13. Nd5 Bxd5 14. exd5 Nb6 15. f4 Nfxd5 16. Bxb6 Nxb6 17. Bg2 Rc8 18. fxe5 dxe5 19. Bb7 Qxd2 20. Rxd2 1/2-1/2

[Event "GER HS-190 email"]
[Site "GER email"]
[Date "2015.08.24"]
[Round "?"]
[White "Buhlmann, Werner"]
[Black "Geerken, Lutz"]
[Result "1/2-1/2"]
[WhiteElo "1934"]
[BlackElo "2057"]
[PlyCount "80"]
[EventDate "2015.09.01"]
[EventType "tourn (corr)"]
[EventRounds "6"]
[EventCountry "GER"]
[SourceTitle "Corr 2020"]
[Source "ChessBase"]
[SourceDate "2019.09.30"]
[SourceVersion "1"]
[SourceVersionDate "2019.09.30"]
[SourceQuality "1"]

1. e4 e6 2. d4 d5 3. exd5 exd5 4. Bd3 Bd6 5. c3 Nc6 6. Nf3 Nge7 7. 0-0 Bg4 8. Nbd2 Qd7 9. Re1 0-0-0 10. b4 Rde8 11. b5 Nd8 12. c4 dxc4 13. Nxc4 Nd5 14. Ne3 Nf4 15. Nxg4 Qxg4 16. Bxf4 Rxe1+ 17. Qxe1 Qxf4 18. Rb1 Kb8 19. Qe3 Qxe3 20. fxe3 Re8 21. Kf2 c5 22. bxc6 Nxc6 23. Nd2 f5 24. Nc4 Bc7 25. g3 g6 26. Rb2 Rf8 27. a3 Na5 28. Nxa5 Bxa5 29. Rb5 Bc7 30. Kf3 Bd6 31. a4 Re8 32. Bc4 Kc7 33. Bd5 b6 34. a5 Bf8 35. axb6+ axb6 36. Rb3 Bh6 37. Ra3 Kd6 38. Bc4 Re7 39. h3 Bg5 40. Rb3 Kc7 1/2-1/2

[Event "GER HS-190 email"]
[Site "GER email"]
[Date "2015.08.24"]
[Round "?"]
[White "Geerken, Lutz"]
[Black "Wittenberg, Gerd"]
[Result "1-0"]
[WhiteElo "2057"]
[BlackElo "1941"]
[PlyCount "149"]
[EventDate "2015.09.01"]
[EventType "tourn (corr)"]
[EventRounds "6"]
[EventCountry "GER"]
[SourceTitle "Corr 2020"]
[Source "ChessBase"]
[SourceDate "2019.09.30"]
[SourceVersion "1"]
[SourceVersionDate "2019.09.30"]
[SourceQuality "1"]

1. e4 c5 2. Nf3 Nc6 3. d4 cxd4 4. Nxd4 Nf6 5. Nc3 e6 6. Ndb5 d6 7. Bf4 e5 8. Bg5 a6 9. Na3 b5 10. Nd5 Be7 11. Bxf6 Bxf6 12. c3 Rb8 13. Nc2 Bg5 14. a4 bxa4 15. Ncb4 Bd7 16. Bxa6 Nxb4 17. Nxb4 0-0 18. 0-0 Qb6 19. g3 Kh8 20. Bd3 Ra8 21. Bc2 Ra7 22. h4 Bd8 23. Bxa4 Bh3 24. Nc6 Ra8 25. Re1 f5 26. exf5 Bxf5 27. Nxd8 Raxd8 28. Qb3 Qc7 29. Qd5 Qb6 30. Qb5 Qc7 31. Red1 Be4 32. Rd2 Qa7 33. Qf1 Qb6 34. Qe2 Ba8 35. Qb5 Qa7 36. Ra3 Rb8 37. Qd7 Qc5 38. Rb3 Rbd8 39. Rb5 Qc4 40. Rb4 Qa2 41. Qb5 Rf6 42. Qf1 Rdf8 43. Qe1 Qe6 44. Bc2 e4 45. f4 d5 46. Bd1 Qh3 47. Rh2 Qd7 48. Qe3 h6 49. Be2 Bc6 50. Rh1 Qf5 51. Kg2 Kh7 52. Rb6 Bd7 53. Rxf6 gxf6 54. Kf2 Rb8 55. b4 Ra8 56. Qc5 Ra2 57. Ke3 Be6 58. Rg1 Kg6 59. h5+ Kf7 60. g4 Rxe2+ 61. Kxe2 Qxf4 62. Qa7+ Ke8 63. Qe3 Bxg4+ 64. Kd2 Qh2+ 65. Kc1 f5 66. Kb1 Qe5 67. Kb2 Qh2+ 68. Ka3 Qc7 69. Qd4 Ke7 70. Kb2 Qh2+ 71. Kb3 Ke6 72. b5 Qc7 73. b6 Qc6 74. Qb4 Kd7 75. b7 1-0

[Event "GER HS-189 email"]
[Site "GER email"]
[Date "2015.08.16"]
[Round "?"]
[White "Geerken, Lutz"]
[Black "Buhlmann, Werner"]
[Result "1/2-1/2"]
[WhiteElo "2057"]
[BlackElo "1934"]
[PlyCount "50"]
[EventDate "2015.08.21"]
[EventType "tourn (corr)"]
[EventRounds "6"]
[EventCountry "GER"]
[SourceTitle "Corr 2020"]
[Source "ChessBase"]
[SourceDate "2019.09.30"]
[SourceVersion "1"]
[SourceVersionDate "2019.09.30"]
[SourceQuality "1"]

1. c4 Nf6 2. g3 e5 3. Bg2 c6 4. d4 exd4 5. Qxd4 Na6 6. Nc3 d5 7. cxd5 Nb4 8. Qd1 Nbxd5 9. Nxd5 Nxd5 10. Nf3 Bb4+ 11. Bd2 0-0 12. Bxb4 Nxb4 13. 0-0 Qb6 14. a3 Nd5 15. Qd4 Re8 16. Qxb6 Nxb6 17. Nd4 g6 18. b4 a5 19. e3 Kg7 20. Rac1 axb4 21. axb4 Bd7 22. b5 cxb5 23. Rc7 Ra7 24. Rb1 Rc8 25. Rxb7 Rxb7 1/2-1/2

[Event "GER HS-182 email"]
[Site "GER email"]
[Date "2015.02.27"]
[Round "?"]
[White "Mueller, Heiko"]
[Black "Geerken, Lutz"]
[Result "1/2-1/2"]
[WhiteElo "1852"]
[BlackElo "2063"]
[PlyCount "45"]
[EventDate "2015.03.09"]
[EventType "tourn (corr)"]
[EventRounds "6"]
[EventCountry "GER"]
[SourceTitle "Corr 2020"]
[Source "ChessBase"]
[SourceDate "2019.09.30"]
[SourceVersion "1"]
[SourceVersionDate "2019.09.30"]
[SourceQuality "1"]

1. c4 e5 2. Nc3 Nf6 3. g3 d5 4. cxd5 Nxd5 5. Bg2 Nb6 6. d3 Be7 7. Nf3 Nc6 8. 0-0 0-0 9. a3 Be6 10. Be3 f5 11. Rc1 Bf6 12. Nd2 Rb8 13. Nb3 Nd5 14. Nxd5 Bxd5 15. Qc2 Rf7 16. Bd2 Be7 17. Rfe1 a5 18. Bxd5 Qxd5 19. Qc4 Rd8 20. a4 Bb4 21. Qxd5 Rxd5 22. Bxb4 Nxb4 23. f3 1/2-1/2

[Event "GER HS-179 email"]
[Site "GER email"]
[Date "2015.01.09"]
[Round "?"]
[White "Huber, Martin"]
[Black "Geerken, Lutz"]
[Result "1/2-1/2"]
[WhiteElo "2034"]
[BlackElo "2042"]
[PlyCount "43"]
[EventDate "2015.01.16"]
[EventType "tourn (corr)"]
[EventRounds "6"]
[EventCountry "GER"]
[SourceTitle "Corr 2020"]
[Source "ChessBase"]
[SourceDate "2019.09.30"]
[SourceVersion "1"]
[SourceVersionDate "2019.09.30"]
[SourceQuality "1"]

1. e4 e6 2. d4 d5 3. Nc3 Bb4 4. e5 c5 5. a3 Bxc3+ 6. bxc3 Ne7 7. Qg4 0-0 8. Bd3 f5 9. exf6 Rxf6 10. Bg5 Rf7 11. Qh5 g6 12. Qd1 Qa5 13. Bd2 Nd7 14. Nf3 c4 15. Be2 Nc6 16. 0-0 Nf6 17. Qe1 Bd7 18. Bh6 Ng4 19. Bc1 Nf6 20. Bh6 Ng4 21. Bc1 Nf6 22. Bh6 1/2-1/2

[Event "GER HS-164 email"]
[Site "GER email"]
[Date "2014.04.26"]
[Round "?"]
[White "Lenaif, Sven Peter"]
[Black "Geerken, Lutz"]
[Result "1/2-1/2"]
[WhiteElo "1856"]
[BlackElo "2042"]
[PlyCount "53"]
[EventDate "2014.05.05"]
[EventType "tourn (corr)"]
[EventRounds "6"]
[EventCountry "GER"]
[SourceTitle "Corr 2020"]
[Source "ChessBase"]
[SourceDate "2019.09.30"]
[SourceVersion "1"]
[SourceVersionDate "2019.09.30"]
[SourceQuality "1"]

1. d4 d5 2. c4 e6 3. Nc3 Nf6 4. Bg5 Nbd7 5. Nf3 c6 6. e3 Qa5 7. Nd2 Bb4 8. Qc2 0-0 9. Be2 c5 10. Nb3 Qa4 11. Bxf6 Nxf6 12. 0-0 Bxc3 13. Qxc3 cxd4 14. Nxd4 Bd7 15. cxd5 Nxd5 16. Qd2 Rfd8 17. Bf3 Be8 18. Rfd1 Rd7 19. Be2 Rdd8 20. Qe1 g6 21. Bf3 Rab8 22. Rac1 Qxa2 23. Bxd5 Rxd5 24. Ra1 Qc4 25. Rdc1 Qd3 26. Rxa7 Qe4 27. h3 1/2-1/2

[Event "GER HS-163 email"]
[Site "GER email"]
[Date "2014.04.03"]
[Round "?"]
[White "Geerken, Lutz"]
[Black "Tassone, Raffaele"]
[Result "1-0"]
[WhiteElo "2042"]
[BlackElo "1925"]
[PlyCount "60"]
[EventDate "2014.04.11"]
[EventType "tourn (corr)"]
[EventRounds "6"]
[EventCountry "GER"]
[SourceTitle "Corr 2020"]
[Source "ChessBase"]
[SourceDate "2019.09.30"]
[SourceVersion "1"]
[SourceVersionDate "2019.09.30"]
[SourceQuality "1"]

1. c4 e5 2. Nc3 Nc6 3. g3 g6 4. Bg2 Bg7 5. e4 d6 6. Nge2 Nf6 7. d3 a5 8. 0-0 0-0 9. Bg5 h6 10. Be3 Ng4 11. Bd2 Nd4 12. Rb1 Re8 13. h3 Nf6 14. Be3 c5 15. f4 Nxe2+ 16. Qxe2 Nh5 17. Qf2 exf4 18. gxf4 Bd7 19. Kh2 Bc6 20. Bf3 Nf6 21. Rg1 Kh7 22. Rg2 Nd7 23. Rbg1 a4 24. Nd5 Bxd5 25. cxd5 Bf6 26. Bg4 Rg8 27. Kh1 b5 28. Qe2 Qe7 29. h4 Bxh4 30. Rh2 f5 1-0

[Event "GER HS-159 email"]
[Site "GER email"]
[Date "2014.01.29"]
[Round "?"]
[White "Geerken, Lutz"]
[Black "Tacke, Hubert"]
[Result "1-0"]
[WhiteElo "2104"]
[BlackElo "1859"]
[PlyCount "75"]
[EventDate "2014.02.10"]
[EventType "tourn (corr)"]
[EventRounds "6"]
[EventCountry "GER"]
[SourceTitle "Corr 2015"]
[Source "ChessBase"]
[SourceDate "2015.07.17"]
[SourceVersion "1"]
[SourceVersionDate "2015.07.17"]
[SourceQuality "1"]

1. e4 e5 2. Nf3 Nf6 3. Nc3 Nc6 4. Bb5 Nd4 5. Ba4 c6 6. Nxe5 d6 7. Nf3 Bg4 8. d3 d5 9. 0-0 b5 10. Bb3 b4 11. Nb1 dxe4 12. Bxf7+ Ke7 13. Nxd4 Qxd4 14. c3 Bxd1 15. cxd4 Be2 16. Re1 exd3 17. Bb3 Kd7 18. Nd2 Bd6 19. Nc4 Rhe8 20. Be3 Bh5 21. Nxd6 Kxd6 22. Rac1 a5 23. f3 Kd7 24. Kf2 Nd5 25. Bxd5 cxd5 26. Rc5 Bf7 27. Rd1 Rac8 28. Rxd3 Rxc5 29. dxc5 Kc6 30. g4 Bg6 31. Rd2 Bb1 32. a3 Rb8 33. axb4 Rxb4 34. Bd4 g6 35. Kg3 Rb3 36. Kf4 g5+ 37. Kxg5 Rxf3 38. Rf2 1-0